[Event "ROM-ch U08"]
[Site "Calimanesti Caciulata"]
[Date "2016.04.24"]
[Round "8"]
[White "Badache, Dragos George"]
[Black "Lefter, Albert"]
[Result "0-1"]
[WhiteElo "1001"]
[BlackElo "1001"]
[PlyCount "42"]
[EventDate "2016.04.18"]
[EventType "swiss"]
[EventRounds "9"]
[EventCountry "ROU"]
[SourceTitle "CBM 172 Extra"]
[Source "ChessBase"]
[SourceDate "2016.06.21"]
[SourceVersion "1"]
[SourceVersionDate "2016.06.21"]
[SourceQuality "1"]

1. e4 c6 2. Nc3 g6 3. Bc4 d5 4. exd5 Nf6 5. dxc6 Nxc6 6. Nf3 Bg7 7. 0-0 0-0 8. d3 Bg4 9. Bg5 h6 10. Bf4 Nh5 11. h3 Nxf4 12. Re1 e6 13. Qd2 e5 14. Qc1 Bf5 15. Qd1 Nd4 16. Nxd4 exd4 17. Qd2 Nxh3+ 18. gxh3 Bxh3 19. Ne2 Qc8 20. Nxd4 Qg4+ 21. Kh2 Qg2# 0-1